MARC

LEADER 00000nam0a2200000 4500
001 150782
005 20231101221519.0
010 |a 5265018301 
020 |a RU  |b 92-860 
035 |a (RuTPU)RU\TPU\book\163484 
090 |a 150782 
100 |a 20090114d1991 m y0rusy5003 ca 
101 0 |a rus 
102 |a RU 
105 |a a z 000ab 
200 1 |a Жизнь и судьба Федора Соймонова...  |e исторический роман-эссе  |f А. Н. Томилин-Бразоль 
210 |a Ленинград  |c Советский писатель  |d 1991 
215 |a 544 с.  |d 21 см 
600 1 |a Соймонов  |b Ф. И.  |c российский государственный деятель  |c гидрограф  |c сибирский губернатор, сенатор  |f 1692-1780  |g Федор Иванович  |2 stltpush  |3 (RuTPU)RU\TPU\pers\14694  |9 4906 
610 1 |a Россия 
610 1 |a исторические романы 
610 1 |a 18 век 
675 |a Р2  |z rus  |v 3 
700 1 |a Томилин-Бразоль  |b А. Н.  |g Анатолий Николаевич  |4 070 
801 0 |a RU  |b RuMRKP  |c 19950417  |g psbo 
801 1 |a RU  |b 63413507  |c 20090114  |g PSBO 
801 2 |a RU  |b 63413507  |c 20090528  |g PSBO 
942 |c BK